<?xml version="1.0" encoding="UTF-8"?>
<record
    xmlns:xsi="http://www.w3.org/2001/XMLSchema-instance"
    xsi:schemaLocation="http://www.loc.gov/MARC21/slim http://www.loc.gov/standards/marcxml/schema/MARC21slim.xsd"
    xmlns="http://www.loc.gov/MARC21/slim">

  <leader>01926nam a2200385 u 4500</leader>
  <controlfield tag="001">1094396</controlfield>
  <controlfield tag="005">20260509101003.0</controlfield>
  <controlfield tag="007">co|||||||</controlfield>
  <controlfield tag="008">080730s2008                        spa  </controlfield>
  <datafield tag="035" ind1=" " ind2=" ">
    <subfield code="a">1094396</subfield>
  </datafield>
  <datafield tag="040" ind1=" " ind2=" ">
    <subfield code="c">comduadb</subfield>
  </datafield>
  <datafield tag="041" ind1=" " ind2=" ">
    <subfield code="a">spa</subfield>
  </datafield>
  <datafield tag="080" ind1=" " ind2=" ">
    <subfield code="a">T/CD</subfield>
  </datafield>
  <datafield tag="082" ind1=" " ind2="4">
    <subfield code="a">152</subfield>
  </datafield>
  <datafield tag="100" ind1="1" ind2="0">
    <subfield code="a">Buitrago Duque, Diana Cristina</subfield>
    <subfield code="4">aut</subfield>
    <subfield code="e">aut</subfield>
    <subfield code="9">465591</subfield>
  </datafield>
  <datafield tag="245" ind1="1" ind2="0">
    <subfield code="a">Ansiedad en los psicologos practicantes</subfield>
  </datafield>
  <datafield tag="260" ind1=" " ind2=" ">
    <subfield code="a">Medell&#xED;n :</subfield>
    <subfield code="b">[sin publicador],</subfield>
    <subfield code="c">2008.</subfield>
  </datafield>
  <datafield tag="300" ind1=" " ind2=" ">
    <subfield code="a">1 CD-ROM</subfield>
  </datafield>
  <datafield tag="520" ind1="3" ind2=" ">
    <subfield code="a">Al iniciar el ejercicio profesional, en ese primer encuentro de las ense&#xF1;anzas en las aulas de clase con la realidad de las agencias de pr&#xE1;ctica, se pone a prueba los conocimientos y la propia personalidad del practicante en su labor como psic&#xF3;logo. Este encuentro e inicial experiencia, genera una serie de expectativas, controversias, emociones, entre otras cuestiones con respecto al desempe&#xF1;o profesional, que son tramitadas con el acompa&#xF1;amiento del asesor de pr&#xE1;ctica, quien aparece como contenedor de todos los afectos que se pueden movilizar en el inicio de la actividad profesional. Adem&#xE1;s, como elemento que surge en la investigaci&#xF3;n, est&#xE1; la importancia del proceso terap&#xE9;utico personal y su influencia en el ejercicio profesional. </subfield>
  </datafield>
  <datafield tag="650" ind1=" " ind2=" ">
    <subfield code="a">Pr&#xE1;ctica acad&#xE9;mica</subfield>
    <subfield code="9">144005</subfield>
  </datafield>
  <datafield tag="650" ind1=" " ind2="7">
    <subfield code="a">Ansiedad</subfield>
    <subfield code="2">lemb</subfield>
    <subfield code="9">29167</subfield>
  </datafield>
  <datafield tag="650" ind1=" " ind2=" ">
    <subfield code="a">Pr&#xE1;ctica profesional</subfield>
    <subfield code="9">19243</subfield>
  </datafield>
  <datafield tag="650" ind1=" " ind2="7">
    <subfield code="a">Relaci&#xF3;n objetal (Psicoan&#xE1;lisis)</subfield>
    <subfield code="2">embne</subfield>
    <subfield code="9">56686</subfield>
  </datafield>
  <datafield tag="650" ind1=" " ind2=" ">
    <subfield code="a">Pr&#xE1;ctica profesional en psicolog&#xED;a</subfield>
    <subfield code="9">159411</subfield>
  </datafield>
  <datafield tag="650" ind1=" " ind2=" ">
    <subfield code="a">Emociones (Psicolog&#xED;a)</subfield>
    <subfield code="9">103109</subfield>
  </datafield>
  <datafield tag="650" ind1=" " ind2=" ">
    <subfield code="a">Estudiantes de psicolog&#xED;a</subfield>
    <subfield code="9">69512</subfield>
  </datafield>
  <datafield tag="650" ind1=" " ind2=" ">
    <subfield code="a">Terapias</subfield>
    <subfield code="9">41794</subfield>
  </datafield>
  <datafield tag="650" ind1=" " ind2=" ">
    <subfield code="a">Procesos educativos</subfield>
    <subfield code="9">54143</subfield>
  </datafield>
  <datafield tag="650" ind1=" " ind2="7">
    <subfield code="a">Rendimiento laboral</subfield>
    <subfield code="2"></subfield>
    <subfield code="9">218301</subfield>
  </datafield>
  <datafield tag="700" ind1="1" ind2="0">
    <subfield code="a">Sierra Nore&#xF1;a, Nadya Maria</subfield>
    <subfield code="4">aut</subfield>
    <subfield code="e">aut</subfield>
    <subfield code="9">549541</subfield>
  </datafield>
  <datafield tag="700" ind1="1" ind2="0">
    <subfield code="a">Quirama Grajales, Yorlady</subfield>
    <subfield code="4">ths</subfield>
    <subfield code="e">ths</subfield>
    <subfield code="9">465592</subfield>
  </datafield>
  <datafield tag="942" ind1=" " ind2=" ">
    <subfield code="c">TESIS</subfield>
  </datafield>
  <datafield tag="999" ind1=" " ind2=" ">
    <subfield code="c">470193</subfield>
    <subfield code="d">470193</subfield>
  </datafield>
  <datafield tag="502" ind1=" " ind2=" ">
    <subfield code="b">105</subfield>
    <subfield code="c">12</subfield>
  </datafield>
  <datafield tag="526" ind1=" " ind2=" ">
    <subfield code="a">106</subfield>
  </datafield>
  <datafield tag="952" ind1=" " ind2=" ">
    <subfield code="0">0</subfield>
    <subfield code="1">0</subfield>
    <subfield code="4">0</subfield>
    <subfield code="7">0</subfield>
    <subfield code="8">TESDIGBC</subfield>
    <subfield code="a">BC</subfield>
    <subfield code="b">BC</subfield>
    <subfield code="d">2008-11-12</subfield>
    <subfield code="e">Material adquirido por donaci&#xF3;n</subfield>
    <subfield code="i">C1024744</subfield>
    <subfield code="l">0</subfield>
    <subfield code="o">152.46 B932 CD-ROM</subfield>
    <subfield code="p">0684151</subfield>
    <subfield code="r">2023-04-28 00:00:00</subfield>
    <subfield code="t">1</subfield>
    <subfield code="w">2023-04-28</subfield>
    <subfield code="y">DIGITAL</subfield>
  </datafield>
  <datafield tag="952" ind1=" " ind2=" ">
    <subfield code="0">0</subfield>
    <subfield code="1">0</subfield>
    <subfield code="4">0</subfield>
    <subfield code="7">0</subfield>
    <subfield code="8">DIGITAL</subfield>
    <subfield code="a">CISH</subfield>
    <subfield code="b">CISH</subfield>
    <subfield code="d">2009-01-30</subfield>
    <subfield code="i">C1031092</subfield>
    <subfield code="l">0</subfield>
    <subfield code="o">T/CD-06933</subfield>
    <subfield code="p">0622330</subfield>
    <subfield code="r">2023-04-28 00:00:00</subfield>
    <subfield code="t">2</subfield>
    <subfield code="w">2023-04-28</subfield>
    <subfield code="y">DIGITAL</subfield>
  </datafield>
</record>
